Представление документа в формате RUSMARC

ПолеНазваниеЗначение
  Тип записи a
  Библиографический уровень m
001 Контрольный номер RU/SLIB/B/208704572
005 Дата корректировки 20241022141314.6
010 Индекс ISBN __
d Цена 3000-00
101 Язык документа 0_
a Язык текста rus
c Язык оригинала rus
200 Заглавие и сведения об ответственности 0_
a Заглавие Москва и москвичи
f Первые сведения об ответственности В. А. Гиляровский ; вступ. ст. К. Паустовского
b Общее обозначение материала Текст
210 Выходные данные 1_
a Место издания М.
c Издательство Правда
d Дата издания 1979
215 Физическое описание __
a Объем 448 с., 1 л. ил.
606 Тематические рубрики __
a Основная рубрика Художественная литература
z Хронологическая подрубрика 20 в.
606 Тематические рубрики __
a Основная рубрика Русская литература XX в. (произведения)
610 Ключевые слова 0_
a Ключевые слова прозаики; проза; тема России; тема родины
686 Индексы других классификаций __
2 Код системы rubbks
a Классификационный индекс 84(2Рос=Рус)6-4
700 Автор _1
a Фамилия Гиляровский
b Имя В. А.
g Полное личное имя Владимир Алексеевич
4 Код отношения 070
702 Вторичная интеллектуальная ответственность _1
a Фамилия Паустовский
b Имя К.
4 Код отношения Автор предисловия и т.д.
801 Источник записи _0
a Страна RU
b Организация Муниципальное бюджетное учреждение культуры "Централизованная библиотечная система" г. Сургут (Центральная городская библиотека им. А. С. Пушкина)
g Правила каталогизации ОБ/Котельникова
801 Источник записи _1
a Страна RU
b Организация Муниципальное бюджетное учреждение культуры "Централизованная библиотечная система" г. Сургут (Центральная городская библиотека им. А. С. Пушкина)
g Правила каталогизации ОБ/Котельникова
852 Данные о местонахождении __
j Шифр хранения 84(2Рос=Рус)6-4
c Каталожный индекс 84(2Рос=Рус)6-4
i Авторский знак Г 47
p Инвентарный номер 64755
901 Тип документа __
t Тип документа m
903 Характеристики (МАРС) __
a Дата передачи 20000220
990 Данные о заказе (DOS) 00
j Количество экземпляров (DOS) 1
t N записи в КСУ для И/У (DOS) 200001